| 000 | 00512nam a2200181Ia 4500 | ||
|---|---|---|---|
| 008 | 131103s9999 xx 000 0 und d | ||
| 020 | _a352315229 | ||
| 040 | _aLoreto College | ||
| 041 | _aEnglish | ||
| 082 |
_aF/ADA _bLCLIB/34309 |
||
| 100 | _aAdams, Jane | ||
| 245 |
_aTrade - offs _cJane Adams |
||
| 260 |
_aLondon _bA Star Book Published by the Paperback Division of W.H.Allen of W.H.Allen & Co. _c1983 |
||
| 300 |
_a447 p. _c 18 cm. |
||
| 650 | _aFiction in English | ||
| 850 | _aLCLIB | ||
| 942 | _cBK | ||
| 999 |
_c16118 _d66597 |
||